Southville International School and Colleges
Your cart is empty.
  • Cart
  • Lists
    Public lists Eva Luna New books Lux_list list_1
    Your lists Log in to create your own lists
  • Log in to your account
  • Your cookies
  • Search history
Southville International School and Colleges
  • Advanced search
  • Recent comments
  • Most popular
  • Libraries

Log in to your account

Log in with GOOGLE


If you do not have an external account, but do have a local account, you can still log in:

  1. Home
  2. MARC view: Signs of success :
Normal view MARC view ISBD view

Signs of success : (Record no. 23404)

[ view plain ]
MARC details
000 -LEADER
fixed length control field 00612nam a2200205 a 4500
003 - CONTROL NUMBER IDENTIFIER
control field PILC
005 - DATE AND TIME OF LATEST TRANSACTION
control field 20160201103913.0
008 - FIXED-LENGTH DATA ELEMENTS--GENERAL INFORMATION
fixed length control field 090108s19uu xx 00 eng d
020 ## - INTERNATIONAL STANDARD BOOK NUMBER
International Standard Book Number 13:9780814474419
050 ## - LIBRARY OF CONGRESS CALL NUMBER
Classification number BF 1729.B8
Item number .W45 2008
100 ## - MAIN ENTRY--PERSONAL NAME
Personal name Weiss, Steven Mark.
245 ## - TITLE STATEMENT
Title Signs of success :
Remainder of title the remarkable power of business astrology /
Statement of responsibility, etc Steven Mark Weiss.
260 ## - PUBLICATION, DISTRIBUTION, ETC. (IMPRINT)
Place of publication, distribution, etc U.S.A :
Name of publisher, distributor, etc Steven Mark Weiss,
Date of publication, distribution, etc 2008.
300 ## - PHYSICAL DESCRIPTION
Extent 260 pages :
Other physical details illustrations ;
Dimensions 24 cm.
500 ## - GENERAL NOTE
General note Includes index.
650 ## - SUBJECT ADDED ENTRY--TOPICAL TERM
Topical term or geographic name as entry element BSBA.
650 ## - SUBJECT ADDED ENTRY--TOPICAL TERM
Topical term or geographic name as entry element Astrology and business.
942 ## - ADDED ENTRY ELEMENTS (KOHA)
Koha item type Books
Source of classification or shelving scheme Library of Congress Classification
Call number prefix Foreign
Holdings
Withdrawn status Lost status Source of classification or shelving scheme Damaged status Home library Current library Shelving location Date acquired Source of acquisition Total Checkouts Full call number Barcode Date last seen Copy number Price effective from Koha item type
    Library of Congress Classification   College Library College Library General Circulation Section 01/08/2009 Donation   BF 1729.B8 .W45 2008 C10082 05/15/2018 1 10/18/2013 Books

Signs of success :

APA

Weiss S. M., . (2008). Signs of success. U.S.A: Steven Mark Weiss.

Chicago

Weiss Steven Mark, . 2008. Signs of success. U.S.A: Steven Mark Weiss.

Harvard

Weiss S. M., . (2008). Signs of success. U.S.A: Steven Mark Weiss.

MLA

Weiss Steven Mark, . Signs of success. U.S.A: Steven Mark Weiss. 2008.

  • Place hold
  • Print
  • Cite
  • Add to your cart (remove)
  • Save record
    BIBTEX Dublin Core MARCXML MARC (non-Unicode/MARC-8) MARC (Unicode/UTF-8) MARC (Unicode/UTF-8, Standard) MODS (XML) RIS
  • More searches
    Search for this title in:
    Other Libraries (WorldCat) Other Databases (Google Scholar) Online Stores (Bookfinder.com) Open Library (openlibrary.org)

Exporting to Dublin Core...

SOUTHVILLE LIBRARY

Southville International School and Colleges Library

1281 Tropical Ave. Cor. Luxembourg St., BF Homes International, Las Pinas City

Tel. No. 8256374 / 252358 Loc. 117/146

Powered by Koha